NCAA Logo #18 - Statistics

General Stats
  • This quiz has been taken 20 times
  • The average score is 10 of 15
Answer Stats
Picture Answer % Correct
Xavier
100%
Jackson State
94%
Oral Roberts
94%
Wichita State
94%
Florida A&M
75%
Georgia Southern
75%
Texas San Antonio
75%
Western Carolina
75%
Oakland
56%
Santa Clara
56%
Texas A&M-Corpus Christi
50%
Northwestern State
44%
Wagner
38%
Tennessee Tech
25%
Minnesota State
19%
No matching quizzes found
Score Distribution
Percent of People with Each Score
Percentile by Number Answered
Your Score History
You have not taken this quiz